| 000 | 00715 a2200205 4500 | ||
|---|---|---|---|
| 001 | 33926 | ||
| 005 | 20260407155629.0 | ||
| 008 | 260407a1962 arg spa d | ||
| 003 | AR-UNSa-BCEJYS | ||
| 040 |
_aAR-UNSa-BCEJYS _bspa _cAR-UNSa-BCEJYS |
||
| 080 |
_a657(083.74) _xNormas Contables |
||
| 245 | 1 | 0 | _aNormas minimas para la confección de estados contables |
| 264 | 1 |
_aBuenos Aires : _bEl Coloquio _c1962 |
|
| 300 |
_a179 p. _c22 cm. |
||
| 505 | _a1. Introducción – 2. Antecedentes – 3. Naturaleza y características de las Normas Mínimas Obligatoriedad - 4. Conclusiones Generales. | ||
| 041 | _aspa | ||
| 942 | _cBK | ||
| 590 | _aniveau_biblio:m niveau_hierar:0 | ||
| 100 | 1 | _aDell´Elce, Quintino P. | |
| 999 |
_c2405 _d2405 |
||